José Ortega y Gasset
Uloženo v:
| Hlavní autoři: | , , , |
|---|---|
| Médium: | Kniha |
| Jazyk: | španělština |
| Vydáno: |
Ciudad de México
Fondo de Cultura Económica
1984
|
| Edice: | Breviarios del Fondo de Cultura Económica, 389
|
| Témata: | |
| Tagy: |
Přidat tag
Žádné tagy, Buďte první, kdo vytvoří štítek k tomuto záznamu!
|
MARC
| LEADER | 00000cam a2200000 a 4500 | ||
|---|---|---|---|
| 001 | UCX1839 | ||
| 003 | CL-VaPUC | ||
| 005 | 20221118181554.0 | ||
| 008 | 901112e19840000MX |||||||||||||||||spa|d | ||
| 999 | |c 222988 |d 222986 | ||
| 020 | |a 9681650344 | ||
| 040 | |c Pontificia Universidad Católica de Valparaíso | ||
| 082 | 0 | 4 | |a 196.1 |b SAL |2 21 |
| 100 | 0 | |a Salmerón, Fernando |e author |9 317537 | |
| 245 | 1 | 0 | |a José Ortega y Gasset |
| 260 | |a Ciudad de México |b Fondo de Cultura Económica |c 1984 | ||
| 300 | |a 195 p | ||
| 490 | 0 | |a Breviarios del Fondo de Cultura Económica, 389 | |
| 583 | |a last modification |c 20150713 10:49:55 |k Rodrigo Vera | ||
| 600 | 0 | |a Ortega y Gasset, José, |d 1883-1955 |x Crítica e interpretación |9 878506 | |
| 700 | 0 | |a Rossi, Alejandro |e author |9 317538 | |
| 700 | 0 | |a Villoro, Luis |e author |9 317539 | |
| 700 | 0 | |a Xirau, Ramón |e author |9 317540 | |
| 942 | |c BK |2 ddc | ||
| 945 | |d 19901112 00:00:00 | ||
| 952 | |0 0 |1 0 |4 0 |6 196_100000000000000_SAL_1984 |7 0 |8 A |9 218344 |a BIBEDU |b BIBEDU |d 2019-11-15 |i 2871831 |o 196.1 SAL 1984 |p 2871831 |r 2019-11-15 |w 2019-11-15 |y BK |k LIT | ||
| 952 | |0 0 |1 0 |3 erb |4 0 |6 196_100000000000000_SAL_1984 |7 0 |8 A |9 218345 |a BIBEDU |b BIBEDU |e Rehbein Pesce, Antonio, -2014 |i 5186684 |o 196.1 SAL 1984 |p 5186684 |r 2019-11-15 |w 2019-11-15 |y BK |z Catalogado en:20150728 |k FIL | ||